Sobre la representación política de la naturaleza /
Guardado en:
| Autor principal: | |
|---|---|
| Formato: | Libro |
| Lenguaje: | Spanish |
| Acceso en línea: | texto completo desde el sitio de la revista |
| Etiquetas: |
Agregar Etiqueta
Sin Etiquetas, Sea el primero en etiquetar este registro!
|
MARC
| LEADER | 00000nam a22000007a 4500 | ||
|---|---|---|---|
| 003 | cru CIDCACS/IIS | ||
| 005 | 20191018140701.0 | ||
| 007 | ta | ||
| 008 | 191018s2012 cu |||p|r|||| 00| ||spa|d | ||
| 999 | |c 42512 |d 42512 | ||
| 040 | |c cru CIDCACS/IIS | ||
| 100 | 1 | |9 8719 |a Jofré, José Luis | |
| 245 | 1 | |a Sobre la representación política de la naturaleza / |c José Luis Jofré | |
| 300 | |a páginas 51-54 | ||
| 773 | 0 | |0 41970 |9 2973 |a Centro Memorial Dr. Martin Luther King, Jr |d La Habana, Cuba: Centro Memorial Dr. Martin Luther King, Jr, |o 17936 |t Caminos: |x 10257733 | |
| 856 | |u http://revista.ecaminos.org/article/sobre-la-representacion-politica-de-la-naturaleza/ |y texto completo desde el sitio de la revista | ||
| 942 | |2 ddc |c PP | ||
